| 000 | 00706cam a2200253 i 4500 | ||
|---|---|---|---|
| 999 |
_c757 _d757 |
||
| 001 | 308 | ||
| 003 | BD-DhUAP | ||
| 005 | 20210103162800.0 | ||
| 008 | 200127r19791975nyua b 001 0 eng | ||
| 020 | _a0333253485 | ||
| 020 | _a0333778219 | ||
| 020 | _a0333253493 | ||
| 020 | _a0333397371 | ||
| 040 |
_aDLC _cDLC _dBD-DhUAP _bEng |
||
| 082 | 0 | 0 |
_223 _a338.5 KOU |
| 100 | 1 | _aKoutsoyiannis, A. | |
| 245 | 1 | 0 |
_aModern microeconomics / _cA. Koutsoyiannis. |
| 250 | _a2nd ed. | ||
| 260 |
_aLondon : _bMacMillan, _cc1975 [Reprinted 1979]. |
||
| 300 |
_axvii, 581 pages : _billustrations ; _c25 cm. |
||
| 504 | _aIncludes bibliographical references and index. | ||
| 650 | 0 | _aMicroeconomics. | |
| 942 |
_2ddc _cBK |
||